000 00766cam a22002297a 4500
005 20220329141124.0
008 971010s1982 r 00010 d
010 _a62935
011 _a63907
035 _a68615
082 _a624.17723
_bH35y 19-?
100 0 0 _aHahn, J.
_952238
245 0 _aVigas contínuas, porticos, placas y vigas flotantes sobre terreno elástico
_b: con un apéndice de tablas
260 _aBarcelona :
_bGili,
_c1982
300 _a499 p.
_b: ilus.
500 _aTrad. de: la 13 ed. en Alemán, 19--
590 _aBATCH-UPD
_b10
_c20130110
_lUCH01
_h0635
590 _aCONVERSION
_b10
_c20130109
_lUCH01
_h1334
650 1 4 _aTrabes de concreto.
_9114567
901 _aBK
949 _a624.17723 H35y 19-?
_bI
_cLIBRO
_d-743
_eLIBRO
_h3943
_i68615
_si
999 _c62935
_d62935